کشمیر کے فارسی ادب کی تاریخ : (Record no. 108366)

MARC details
000 -LEADER
fixed length control field 00983nam a22002537a 4500
005 - DATE AND TIME OF LATEST TRANSACTION
control field 20170123162339.0
010 ## - LIBRARY OF CONGRESS CONTROL NUMBER
LC control number A-842735
020 ## - INTERNATIONAL STANDARD BOOK NUMBER
Terms of availability 250.00
035 ## - SYSTEM CONTROL NUMBER
System control number A-842735
037 ## - SOURCE OF ACQUISITION
Source of stock number/acquisition Cen Lib/Ret
040 ## - CATALOGING SOURCE
Original cataloging agency DPL
Language of cataloging UR
082 ## - DEWEY DECIMAL CLASSIFICATION NUMBER
Classification number 899.15509
Item number م ح م
100 ## - MAIN ENTRY--PERSONAL NAME
Personal name محمّد م. مسعودی
9 (RLIN) 124301
245 ## - TITLE STATEMENT
Title کشمیر کے فارسی ادب کی تاریخ :
Statement of responsibility, etc محمّد م. مسعودی
Remainder of title ١٧٥٢-١٨١٩ /
246 ## - VARYING FORM OF TITLE
Title proper/short title Kashmir kay Farsi adab ki tareekh : 1752-1819 /
Remainder of title by M.M. Masoodi
260 ## - PUBLICATION, DISTRIBUTION, ETC. (IMPRINT)
Place of publication, distribution, etc کشمیر
Name of publisher, distributor, etc بک میڈیا پبلشرز
Date of publication, distribution, etc 1993
270 ## - ADDRESS
City کشمیر
Postal code 190001
Address پوسٹ باکس نمبر ٤٤٨، دلگاتے سرینگر
300 ## - PHYSICAL DESCRIPTION
Extent 231p.
Dimensions 21cm(Hb)
650 ## - SUBJECT ADDED ENTRY--TOPICAL TERM
Topical term or geographic name as entry element ادب - اردو
9 (RLIN) 126188
650 ## - SUBJECT ADDED ENTRY--TOPICAL TERM
Topical term or geographic name as entry element تاریخ - فارسی ادب - کشمیر
9 (RLIN) 126189
650 ## - SUBJECT ADDED ENTRY--TOPICAL TERM
Topical term or geographic name as entry element Literature -- Farsi
9 (RLIN) 122511
650 ## - SUBJECT ADDED ENTRY--TOPICAL TERM
Topical term or geographic name as entry element History -- Farsi Literature -- Kashmir
9 (RLIN) 126190
942 ## - ADDED ENTRY ELEMENTS (KOHA)
Source of classification or shelving scheme Dewey Decimal Classification
Koha item type Urdu Bks
Classification part 899.15509
Call number suffix م ح م
Holdings
Withdrawn status Lost status Damaged status Not for loan Home library Current library Date acquired Source of acquisition Cost, normal purchase price Total Checkouts Full call number Barcode Date last seen Copy number Cost, replacement price Price effective from Koha item type
        Central Library Central Library 20/01/2016 Cen Lib/Ret 250.00   899.15509 م ح م A-842735 20/01/2016 1 250.00 20/01/2016 Urdu Bks

© Delhi Public Library
Hit Counter
free hit counter